Statistiken für Gemeinden des Kantons Genf

Klicken Sie hier um das Quiz zu spielen!

Allgemein

  • Dieses Quiz wurde 322 mal gespielt
  • Das Durchschnittsergebnis liegt bei 24 aus 45

Antworten auf der Karte

Die Antworten werden auf der Karte rot bzw. grün angezeigt, abhängig davon wie oft sie richtig erraten wurden.
 

Antwortstatistiken

EinwohnerGemeinde% Korrekt
203'951Genf
100%
22'621Carouge
77%
33'377Lancy
76%
25'745Meyrin
76%
34'958Vernier
74%
19'058Onex
71%
14'182Thônex
67%
13'411Versoix
65%
11'887Veyrier
62%
10'244Bernex
60%
12'275Le Grand-Saconnex
60%
483Gy
56%
791Céligny
55%
8'674Chêne-Bourg
55%
5'598Cologny
55%
1'047Hermance
54%
4'273Satigny
54%
3'380Bellevue
53%
1'698Chancy
53%
12'504Chêne-Bougeries
53%
1'241Jussy
53%
10'620Plan-les-Ouates
53%
2'277Bardonnex
52%
1'867Dardagny
51%
1'401Avusy
50%
541Russin
50%
8'299Collonge-Bellerive
49%
684Laconnex
49%
4'631Confignon
48%
2'520Troinex
48%
1'712Avully
46%
1'709Collex-Bossy
45%
2'840Genthod
45%
2'186Corsier
44%
2'116Meinier
44%
3'775Pregny-Chambésy
44%
955Soral
44%
1'169Aire-la-Ville
43%
1'188Choulex
43%
2'468Puplinge
43%
986Cartigny
42%
3'099Perly-Certoux
42%
2'387Anières
41%
723Presinge
41%
2'577Vandœuvres
39%

Verteilung der Resultate

Perzentil nach korrekt beantworteten Fragen

Anzahl Personen mit jedem Resultat

Ihre Resultats-Entwicklung

Sie haben dieses Quiz noch nicht gespielt